| Tag |
First Indicator |
Second Indicator |
Subfields |
| LEADER |
00000cam a2200000 a 4500 |
| 001 |
in00002549621 |
| 005 |
20151201090234.0 |
| 008 |
091014s2010 cau b 001 0 eng |
| 010 |
|
|
|a 2009041908
|
| 020 |
|
|
|a 9781591586685 (acid-free paper)
|
| 020 |
|
|
|a 1591586682 (acid-free paper)
|
| 035 |
|
|
|a (OCoLC)ocn430839892
|
| 035 |
|
|
|a (OCoLC)430839892
|
| 040 |
|
|
|a DLC
|c DLC
|d BTCTA
|d C#P
|d YDXCP
|d BWX
|d VET
|d UtOrBLW
|
| 043 |
|
|
|a n-us---
|
| 049 |
|
|
|a TXAM
|
| 050 |
0 |
0 |
|a Z682.35.V62
|b M37 2010
|
| 082 |
0 |
0 |
|a 020.23
|2 22
|
| 096 |
|
|
|a Z 682.35.V62
|b K159 2010
|
| 100 |
1 |
|
|a McKnight, Michelynn.
|
| 245 |
1 |
4 |
|a The agile librarian's guide to thriving in any institution /
|c Michelynn McKnight.
|
| 264 |
|
1 |
|a Santa Barbara, Calif. :
|b Libraries Unlimited,
|c [2010]
|
| 264 |
|
4 |
|c ©2010
|
| 300 |
|
|
|a xiv, 201 pages ;
|c 28 cm.
|
| 336 |
|
|
|a text
|b txt
|2 rdacontent
|
| 337 |
|
|
|a unmediated
|b n
|2 rdamedia
|
| 338 |
|
|
|a volume
|b nc
|2 rdacarrier
|
| 504 |
|
|
|a Includes bibliographical references and index.
|
| 505 |
0 |
|
|a Knowing your value to the organization -- Delighting your clients -- Expanding your political influence -- Pleasing your boss -- Impressing decision makers -- Choosing an instantly credible professional image -- Ensuring positive communication -- Marketing, advertising, and public relations -- Gathering and using evidence to support decisions -- Behaving ethically -- Sustaining your green and growing career.
|
| 650 |
|
2 |
|a Ethics, Professional.
|
| 650 |
|
2 |
|a Librarians.
|
| 650 |
|
2 |
|a Library Science.
|
| 650 |
|
2 |
|a Vocational Guidance.
|
| 650 |
|
0 |
|a Library science
|x Vocational guidance.
|
| 650 |
|
0 |
|a Librarians
|x Professional relationships.
|
| 650 |
|
0 |
|a Librarians
|x Professional ethics.
|
| 650 |
|
0 |
|a Career development.
|
| 938 |
|
|
|a YBP Library Services
|b YANK
|n 3085477
|
| 938 |
|
|
|a Blackwell Book Service
|b BBUS
|n R2823928
|c $30.00
|
| 945 |
|
|
|a PromptCat
|b 898628
|
| 946 |
|
|
|a stk
|
| 947 |
|
|
|a A14840059698
|
| 994 |
|
|
|a 92
|b TXA
|
| 948 |
|
|
|a cataloged
|b h
|d 2010/2/11
|h c
|e asalazar
|f 11:31:54 am
|
| 999 |
|
|
|a MARS
|
| 999 |
f |
f |
|s 25920249-e92c-3f0c-977a-f51865d5dd29
|i 3e82e77e-d1f9-30c4-992c-91a0e807d059
|t 0
|
| 952 |
f |
f |
|p normal
|a Texas A&M University
|b College Station
|c Sterling C. Evans Library
|d Evans: Library Stacks
|t 0
|e Z682.35.V62 M37 2010
|h Library of Congress classification
|i unmediated -- volume
|m A14850423196
|
| 998 |
f |
f |
|a Z682.35.V62 M37 2010
|t 0
|l Evans: Library Stacks
|